|
|
|
|
| LEADER |
01228nam a22003134a 4500 |
| 001 |
2619 |
| 003 |
BD-DhAAL |
| 005 |
20150316102955.0 |
| 008 |
150316s1999 ii a b 101 0 eng |
| 010 |
|
|
|a 99017242
|
| 020 |
|
|
|a 0761993185 (cloth)
|
| 020 |
|
|
|a 0761993193 (pbk.)
|
| 040 |
|
|
|a DLC
|c DLC
|d DLC
|d BD-DhAAL
|
| 050 |
0 |
0 |
|a HD58.7
|b .M345 1999
|
| 082 |
0 |
0 |
|a 658/.0095
|2 21
|
| 245 |
0 |
0 |
|a Management and cultural values /
|b the indigenization of organizations in Asia /
|c editors, Henry S.R. Kao, Durganand Sinha, Bernhard Wilpert.
|
| 260 |
|
|
|a Ne Delhi ;
|a Thousand Oaks, Calif. :
|b Sage Publications,
|c 1999.
|
| 300 |
|
|
|a 330 p. :
|b ill. ;
|c 23 cm.
|
| 504 |
|
|
|a Includes bibliographical references and index.
|
| 541 |
|
|
|e 2619
|
| 650 |
|
0 |
|a Corporate culture
|z Asia
|x Congresses.
|9 9721
|
| 650 |
|
0 |
|a Management
|z Asia
|x Congresses.
|9 9722
|
| 650 |
|
0 |
|a Industrial management
|z Asia
|x Congresses.
|9 9723
|
| 700 |
1 |
|
|a Kao, Henry S. R.,
|d 1940-
|9 9724
|
| 700 |
1 |
|
|a Sinha, Durganand.
|9 9725
|
| 700 |
1 |
|
|a Wilpert, Bernhard,
|d 1936-2007.
|9 9726
|
| 942 |
|
|
|2 ddc
|c BK
|
| 999 |
|
|
|c 34064
|d 34064
|
| 952 |
|
|
|0 0
|1 0
|2 ddc
|4 0
|6 658_009500000000000_MAN
|7 0
|9 53155
|a SCL
|b SCL
|c GEN
|d 2015-03-16
|l 0
|o 658.0095 MAN
|p 3020002619
|r 2015-03-16
|t 1
|w 2015-03-16
|y BK
|